Shopping centre investment frenzy (Record no. 73660)

MARC details
000 -LEADER
fixed length control field 00918cam a2200229 4500
001 - CONTROL NUMBER
control field WB3941-12
008 - FIXED-LENGTH DATA ELEMENTS--GENERAL INFORMATION
fixed length control field 031028n2003 000 0 eng u
035 ## - SYSTEM CONTROL NUMBER
System control number (Sirsi) u124071
245 ## - TITLE STATEMENT
Title Shopping centre investment frenzy
260 ## - PUBLICATION, DISTRIBUTION, ETC.
Date of publication, distribution, etc. 2003
490 ## - SERIES STATEMENT
Series statement Retail Week
Volume/sequential designation 24 October 2003, 31(1)
520 ## - SUMMARY, ETC.
Summary, etc. Latest statistics from DTZ reveal that the shopping centre market enjoyed a 332% rise in completed transactions. According to DTZ, £1.25bn worth of UK shopping centres changed hands during the third quarter, compared with just £2.65m of turnover in the second quarter. DTZ Press Release http://www.dtz.com/www/DTZGlobal.nsf/docs/5S5EBWLBAK?opendocument&subcat=&lang=1.
590 ## - LOCAL NOTE (RLIN)
Local note WB
650 ## - SUBJECT ADDED ENTRY--TOPICAL TERM
Topical term or geographic name entry element SHOPPING CENTRES
650 ## - SUBJECT ADDED ENTRY--TOPICAL TERM
Topical term or geographic name entry element TRANSACTIONS
650 ## - SUBJECT ADDED ENTRY--TOPICAL TERM
Topical term or geographic name entry element DTZ
650 ## - SUBJECT ADDED ENTRY--TOPICAL TERM
Topical term or geographic name entry element RETAIL PROPERTY
650 ## - SUBJECT ADDED ENTRY--TOPICAL TERM
Topical term or geographic name entry element STATISTICS
650 ## - SUBJECT ADDED ENTRY--TOPICAL TERM
Topical term or geographic name entry element PROPERTY MARKET REPORTS
690 ## - LOCAL SUBJECT ADDED ENTRY--TOPICAL TERM (OCLC, RLIN)
Topical term or geographic name as entry element INVESTMENT
942 ## - ADDED ENTRY ELEMENTS (KOHA)
Suppress in OPAC 0
Holdings
Withdrawn status Lost status Source of classification or shelving scheme Damaged status Not for loan Home library Current library Shelving location Date acquired Total Checkouts Full call number Barcode Date last seen Copy number Price effective from Koha item type
    Dewey Decimal Classification     London London News article 28/10/2003   WB3941-12 124071-1001 06/08/2019 1 06/08/2019 News article